Ship Stabilizers : (Record no. 27267)

000 -LEADER
fixed length control field 01134cam a2200325Mi 4500
006 - FIXED-LENGTH DATA ELEMENTS--ADDITIONAL MATERIAL CHARACTERISTICS--GENERAL INFORMATION
fixed length control field m o d
007 - PHYSICAL DESCRIPTION FIXED FIELD--GENERAL INFORMATION
fixed length control field cr |n|||||||||
008 - FIXED-LENGTH DATA ELEMENTS--GENERAL INFORMATION
fixed length control field 140614s1966 vtu o 000 0 eng d
020 ## - INTERNATIONAL STANDARD BOOK NUMBER
International Standard Book Number 9781483180939
Qualifying information (R) (electronic bk.)
International Standard Book Number 148318093X
Qualifying information (R) (electronic bk.)
040 ## - CATALOGING SOURCE
Original cataloging agency EBLCP
Language of cataloging eng
Description conventions pn
072 #7 - SUBJECT CATEGORY CODE
Subject category code TEC
Subject category code subdivision 025000
Source bisacsh
082 04 - DEWEY DECIMAL CLASSIFICATION NUMBER
Classification number 623.88
100 1# - MAIN ENTRY--PERSONAL NAME
Personal name Burger, W.
245 10 - TITLE STATEMENT
Title Ship Stabilizers :
Remainder of title a Handbook for Merchant Navy Officers.
260 ## - PUBLICATION, DISTRIBUTION, ETC. (IMPRINT)
Place of publication, distribution, etc Burlington :
Name of publisher, distributor, etc Elsevier Science,
Date of publication, distribution, etc 1966.
300 ## - PHYSICAL DESCRIPTION
Extent 1 online resource (348 pages)
650 #0 - SUBJECT ADDED ENTRY--TOPICAL TERM
Topical term or geographic name as entry element Stability of ships.
Topical term or geographic name as entry element Gyroscopes.
Topical term or geographic name as entry element Gyroscopes.
Topical term or geographic name as entry element TECHNOLOGY & ENGINEERING
General subdivision Military Science.
Source of heading or term bisacsh
Topical term or geographic name as entry element Gyroscopes.
Source of heading or term fast
Topical term or geographic name as entry element Stability of ships.
Source of heading or term fast
700 1# - ADDED ENTRY--PERSONAL NAME
Personal name Corbet, A. G.
Personal name Clough-Smith, J. H.
Personal name Earl, G. E.
776 08 - ADDITIONAL PHYSICAL FORM ENTRY
Display text Print version:
Main entry heading Burger, W.
Title Ship Stabilizers : A Handbook for Merchant Navy Officers.
Place, publisher, and date of publication Burlington : Elsevier Science, �1966
International Standard Book Number 9780080115047
856 40 - ELECTRONIC LOCATION AND ACCESS
Uniform Resource Identifier <a href="https://www.sciencedirect.com/science/book/9780080115047">https://www.sciencedirect.com/science/book/9780080115047</a>
942 ## - ADDED ENTRY ELEMENTS (KOHA)
Item type E-Book

No items available.

Designed and Maintained by IMU-KC Library, Kolkata Campus © Copyright All Rights Reserved

webs counters

Powered by Koha